MAASAI MARA UNIVERSITY

LIBRARY CATALOGUE

Contact Us: +254 020 2685356/7 or 0774 057787

Box: 861-20500, NAROK, KENYA

Email: info@mmarau.ac.ke

_Microeconomics(18th ed) (Record no. 5385)

MARC details
000 -LEADER
fixed length control field 00460nam a2200169Ia 4500
008 - FIXED-LENGTH DATA ELEMENTS--GENERAL INFORMATION
fixed length control field 151021s9999 xx 000 0 und d
020 ## - INTERNATIONAL STANDARD BOOK NUMBER
International Standard Book Number 9.7800700925e+012
050 ## - LIBRARY OF CONGRESS CALL NUMBER
Classification number HB171.5.M95 2009
245 ## - TITLE STATEMENT
Title _Microeconomics(18th ed)
250 ## - EDITION STATEMENT
Edition statement 18th ed.
260 ## - PUBLICATION, DISTRIBUTION, ETC. (IMPRINT)
Place of publication, distribution, etc. U S A Mcgraw Hill 2009
300 ## - PHYSICAL DESCRIPTION
Extent xxxi,467p.ill 24cm
500 ## - GENERAL NOTE
General note includes index
650 ## - SUBJECT ADDED ENTRY--TOPICAL TERM
Topical term or geographic name as entry element _microeconomics
700 ## - ADDED ENTRY--PERSONAL NAME
Personal name _Stanley L. Brue
980 ## - EQUIVALENCE OR CROSS-REFERENCE-SERIES STATEMENT--PERSONAL NAME/TITLE [LOCAL, CANADA]
Personal name ^d20110216 10:10:05^okorir

No items available.

© 2016 Maasai Mara University.